000 00411nam a2200169Ia 4500
008 230711s9999||||xx |||||||||||||| ||und||
020 _a978-111-856-23-76
041 _aENG
082 _a720
_bCH-G
100 _aChing,Francis D.K
245 0 _aGreen building illustrated
250 _a1st Ed.
260 _c2014
_aNew Jersey
_bJohn Wiley & Sons.Inc
300 _a279
650 _aArchitecture
942 _cBK
999 _c5717
_d5717